00456 2200181 4500001002100000005001500021008004100036020002200077035001900099041000700118082001200125090001800137100001300155245004300168260002400211300001300235650002600248INLIS00000000001074520241224114044241224||||||||| | ||| |||| || |  a978-979-054-285-3 0010-1224010745 aid0 a796.428 a796.428 AMI t0 aAminudin00aTeknik Penjelajahan Di Sekitar Sekolah aBogorbQuadrac2010 a74 Hal;; 0aIlmu Pengetahuan Alam